[Event "Oberfranken-ch"]
[Site "Schney"]
[Date "2020.01.04"]
[Round "4"]
[White "Horn, Alexander"]
[Black "Rost, Thomas"]
[Result "1-0"]
[WhiteElo "1860"]
[BlackElo "1089"]
[PlyCount "45"]
[EventDate "2020.01.03"]
[EventType "swiss"]
[EventRounds "7"]
[EventCountry "GER"]
[SourceTitle "CBM 194 Extra"]
[Source "ChessBase"]
[SourceDate "2020.03.31"]
[SourceVersion "1"]
[SourceVersionDate "2020.03.31"]
[SourceQuality "1"]

1. e4 c5 2. c3 Nc6 3. d4 cxd4 4. cxd4 e6 5. Nf3 d6 6. Nc3 Nf6 7. a3 Be7 8. Bd3 0-0 9. 0-0 Bd7 10. b4 a6 11. Bb2 e5 12. Nd5 Be6 13. Nxf6+ Bxf6 14. d5 Ne7 15. dxe6 fxe6 16. Qb3 d5 17. Rad1 Qd7 18. exd5 exd5 19. Rfe1 e4 20. Bxe4 Bxb2 21. Qxb2 Qc6 22. Bxh7+ Kf7 23. Ne5+ 1-0